| 000 | 00788nab a2200229u 4500 | ||
|---|---|---|---|
| 001 | 20499 | ||
| 003 | HDC | ||
| 007 | c| |||a|c|aaaa | ||
| 008 | 210304b20110413my ||||o |||| 00| 0 eng d | ||
| 040 | _aHDC | ||
| 100 |
_aWency Leung / _eauthor _918534 |
||
| 245 | 0 |
_aCanada: Kraft calls on star chefs to capture immigrant market / _cWency Leung |
|
| 336 |
_atext _2rdacontent |
||
| 337 |
_acomputer _2rdamedia |
||
| 338 |
_aonline resource _2rdacarrier |
||
| 650 |
_aKraft Kitchen Expert _918535 |
||
| 650 |
_aKraft Philadelphia cream cheese _918536 |
||
| 856 | _zRequest full-text at [email protected] | ||
| 942 | _2lcc | ||
| 942 | _cNEWS | ||
| 942 | _kNWS0 004909 | ||
| 999 |
_c17815 _d17815 |
||